000 00329nam a22001217a 4500
040 _cSY
082 _a620
100 _aCHHAY SARAN; ឆៃ​ សារ៉ាន់
245 _aForest enginnering work, ការងារវិស្វកម្មព្រៃឈើ
260 _aRUA
_bCHH
_c2009
300 _a62p.
942 _cKB
999 _c9397
_d9397